000 00695nam a2200229 i 4500
001 172707
003 ES-MaACL
005 20250710062736.0
007 t|
008 090831s1974 fr ||||1| fre d
080 _a811.13
100 1 _aCamproux, Charles.
_9141210
245 1 4 _aLes langues romanes /
_cpar Charles Camproux.
250 _a1re éd.
260 _aParis :
_bPresses Universitaires de France,
_c1974.
300 _a126, [2] p. ;
_c18 cm.
490 1 _aQue sais-je ? ;
_v1562
650 0 4 _aLenguas románicas.
_914367
830 0 0 _aQue sais-je?
_v1562
_9180931
852 4 _aES-MaACL
_jE-12965
_9R.139186
_z. - Biblioteca Jacinto Martínez Lacalle
999 _c172707
_d172707